Význam rodovo citlivého rozpočtovania vo vzťahu k dotácii na výskumnú, vývojovú a umeleckú činnosť verejných vysokých škôl

Zhodnotenie významu uplatňovania rodového prístupu pri prideľovaní zdrojov štátneho rozpočtu verejným vysokým školám prostredníctvom dotácie na výskumnú, vývojovú a umeleckú činnosť. Táto dotácia pozostáva z inštitucionálnej a z účelovej formy.

Na minha lista:
Detalhes bibliográficos
Autor principal: Belkovicsová, Daša, 1982-
Formato: Capítulo de Livro
Idioma:eslovaco
Assuntos:
Tags: Adicionar Tag
Sem tags, seja o primeiro a adicionar uma tag!

MARC

LEADER 00000nla$a2200000$$$4500
001 0146604
005 20240617094655.8
041 0 |a slo 
044 |a SK 
245 1 0 |a Význam rodovo citlivého rozpočtovania vo vzťahu k dotácii na výskumnú, vývojovú a umeleckú činnosť verejných vysokých škôl  |c Daša Belkovicsová 
520 |a Zhodnotenie významu uplatňovania rodového prístupu pri prideľovaní zdrojov štátneho rozpočtu verejným vysokým školám prostredníctvom dotácie na výskumnú, vývojovú a umeleckú činnosť. Táto dotácia pozostáva z inštitucionálnej a z účelovej formy. 
610 2 0 |a školy vysoké 
610 2 0 |a veda 
610 2 0 |a výskum 
610 2 0 |a dotácie štátne 
100 1 |a Belkovicsová, Daša, 1982-